Central Library OPAC University of Rajshahi

صحيح مسلم ;; Sahih Muslim / (Record no. 78048)

MARC details
000 -LEADER
fixed length control field 01259cam a2200277 i 4500
001 - CONTROL NUMBER
control field 78048
003 - CONTROL NUMBER IDENTIFIER
rucl marc code BD-RjUL
005 - DATE AND TIME OF LATEST TRANSACTION
control field 20211209083101.0
008 - FIXED-LENGTH DATA ELEMENTS--GENERAL INFORMATION
fixed length control field 211129s2009 ua h b 001 0 ara d
020 ## - INTERNATIONAL STANDARD BOOK NUMBER
International Standard Book Number 9789886307469
Terms of availability : tk.1215
035 ## - SYSTEM CONTROL NUMBER
System control number (BD-RjUL)78274
040 ## - CATALOGING SOURCE
Original cataloging agency UIU
Language of cataloging eng
Transcribing agency UIU
Description conventions rda
Modifying agency UIU
-- DLC
041 ## - LANGUAGE CODE
Language code of text/sound track or separate title ara
082 ## - DEWEY DECIMAL CLASSIFICATION NUMBER
Edition number 23
Classification number 297.12542
Author mark and year NAS 2009
100 0# - MAIN ENTRY--PERSONAL NAME
Personal name Naysaburi, Abu Al-Hussain Muslim bin Al-Hajjaj Al-Qushayri ;; النيسابوري, أبي الحسين مسلم بن الحجاج القشيري
9 (RLIN) 245556
245 10 - TITLE STATEMENT
Title صحيح مسلم ;; Sahih Muslim /
Statement of responsibility, etc. ابي الحسين مسلم بن الحجاج القشيري النيسابوري ; ترتيب وترقيم محمد فواد عبد الباقي ;; Abu al-Husayn Muslim ibn al-Hajjaj al-Qushayri al-Naysaburi
250 ## - EDITION STATEMENT
Edition statement New revised edition in one volume طبعة جديدة منقحة في مجلد واحد;; د
260 ## - PUBLICATION, DISTRIBUTION, ETC. (IMPRINT)
Place of publication, distribution, etc. القاهرة:
Name of publisher, distributor, etc. , دار ابن الجوزي
Date of publication, distribution, etc. 2009
300 ## - PHYSICAL DESCRIPTION
Pagination v. ;
Size 24 cm
504 ## - BIBLIOGRAPHY, ETC. NOTE
Bibliography, etc Includes bibliographical references and indexes.
505 ## - FORMATTED CONTENTS NOTE
Formatted contents note Vol. 1.--
650 #0 - SUBJECT ADDED ENTRY--TOPICAL TERM
Topical term or geographic name as entry element Hadith
Form subdivision Early works to 1800.
9 (RLIN) 245886
Topical term or geographic name as entry element Hadith
General subdivision Mulim Shareef
9 (RLIN) 250718
700 ## - ADDED ENTRY--PERSONAL NAME
Personal name baqi, muhammad Fuad abd
942 ## - ADDED ENTRY ELEMENTS (KOHA)
Source of classification or shelving scheme Dewey Decimal Classification
Koha item type Books
Holdings
Lost status Source of classification or shelving scheme Damaged status Not for loan Collection code Permanent Location Current Location Shelving location Date acquired Source of acquisition Cost, normal purchase price Total Checkouts Full call number Date last seen Copy number Koha item type
  Dewey Decimal Classification   Not For Loan Non-fiction Central Library, University of Rajshahi Central Library, University of Rajshahi Reading Room 27/11/2021 Wahidiah Libraey, Rajshahi 1215.00   A 297.12542 NAS V-1 2009 29/11/2021 C-1 Books
  Dewey Decimal Classification     Non-fiction Central Library, University of Rajshahi Central Library, University of Rajshahi   27/11/2021 Wahidiah Libraey, Rajshahi 1215.00   A 297.12542 NAS V-1 2009 29/11/2021 C-2 Books